Đặc trưng văn hóa Nam Bộ

Văn hóa Nam Bộ là một thành tố của văn hóa Việt Nam nên về cơ bản, văn hóa Nam Bộ có tính thống nhất với văn hóa Việt Nam. Mặt khác, do đặc điểm môi trường tự nhiên và môi trường xã hội ở đây có những nét khác biệt so với vùng mi...

詳細記述

保存先:
書誌詳細
第一著者: Trần, Phỏng Diều
フォーマット: 図書
言語:Undetermined
出版事項: Cần Thơ Giáo dục 2016
主題:
タグ: タグ追加
タグなし, このレコードへの初めてのタグを付けませんか!
Thư viện lưu trữ: Trung tâm Học liệu Trường Đại học Cần Thơ
LEADER 01317nam a2200217Ia 4500
001 CTU_220832
008 210402s9999 xx 000 0 und d
020 |c 40000 
082 |a 305.89597 
082 |b D309 
100 |a Trần, Phỏng Diều 
245 0 |a Đặc trưng văn hóa Nam Bộ 
245 0 |c Trần Phỏng Diều 
260 |a Cần Thơ 
260 |b Giáo dục 
260 |c 2016 
520 |a Văn hóa Nam Bộ là một thành tố của văn hóa Việt Nam nên về cơ bản, văn hóa Nam Bộ có tính thống nhất với văn hóa Việt Nam. Mặt khác, do đặc điểm môi trường tự nhiên và môi trường xã hội ở đây có những nét khác biệt so với vùng miền khác nên văn hóa vùng này cũng có những đặc điểm riêng. Chính vì sự khác biệt này nên các nhà nghiên cứu đã xếp văn hóa Nam Bộ thành một vùng riêng.... 
650 |a Vietnam, Southern,Việt Nam, Miền Nam 
650 |x Social life and customs,Đời sống xã hội và phong tục tập quán 
904 |i Phan Lâm Vũ Anh, Trúc 
980 |a Trung tâm Học liệu Trường Đại học Cần Thơ